|
|
|
|
| LEADER |
00000nam a2200000 i 4500 |
| 003 |
Ucuenca |
| 005 |
20230308231316.0 |
| 006 |
a||||fr|||||||1 || |
| 007 |
ta |
| 008 |
220307t2017 mx ddddf ||||a||1 ||spa a |
| 020 |
|
|
|a 978-607-32-3845-8
|
| 040 |
|
|
|a UCuenca-cdrjbv
|b spa
|c UCuenca
|e rda
|
| 041 |
1 |
|
|a spa
|h eng
|
| 082 |
0 |
|
|2 22
|a 658.802
|c 34282528
|
| 100 |
1 |
|
|9 41138
|a Kotler, Philip.
|d 1931-
|e autor
|
| 240 |
|
|
|0 Marketing. An introduction.
|l Spanish
|
| 245 |
1 |
0 |
|a Fundamentos de marketing /
|c Philip Kotler, Gary Armstrong, traducido por Lourdes Amador Araujo, Leticia Pineda Ayala.
|
| 250 |
|
|
|a Décimotercera edición.
|
| 264 |
|
1 |
|a México:
|b Pearson Educación México,
|c 2017.
|
| 264 |
|
4 |
|c ©2017.
|
| 300 |
|
|
|a xxix, 643 páginas:
|b gra
|c 27 cm
|
| 336 |
|
|
|2 rdacontent
|a texto
|b txt
|
| 337 |
|
|
|2 rdamedia
|a no mediado
|b n
|
| 338 |
|
|
|2 rdacarrier
|a volumen
|b nc
|
| 504 |
|
|
|a incl. bib.
|
| 505 |
1 |
|
|a Definición de marketing y el proceso de marketing -- Comprensión del mercado y del valor del cliente -- Diseño de una estrategia y una mezcla de marketing orientadas a crear valor para el cliente -- Extensión del marketing.
|
| 650 |
1 |
7 |
|2 UCuenca-cdrjbv
|9 1696
|a Marketing
|
| 650 |
1 |
7 |
|2 UCuenca-cdrjbv
|9 102332
|a Plan de marketing
|
| 650 |
1 |
7 |
|2 UCuenca-cdrjbv
|9 61609
|a Estrategia del marketing
|
| 650 |
1 |
7 |
|2 UCuenca-cdrjbv
|9 147333
|a Investigacion de mercado
|
| 650 |
1 |
7 |
|2 UCuenca-cdrjbv
|9 39391
|a Consumidores
|
| 651 |
|
|
|2 UCuenca-cdrjbv
|
| 700 |
1 |
|
|9 43766
|a Armstrong, Gary.
|e autor
|
| 700 |
1 |
|
|9 268402
|a Amador Araujo, Lourdes.
|e traductor
|
| 700 |
1 |
|
|9 246725
|a Pineda Ayala, Leticia Esther.
|e traductor
|
| 942 |
|
|
|2 ddc
|c BK
|z erika.idrovos@ucuenca.edu.ec
|0 1
|
| 999 |
|
|
|c 159959
|d 159959
|